Layakkah Aku? / (Record no. 129910)

MARC details
000 -LEADER
fixed length control field 00919nam a2200289 i 4500
001 - CONTROL NUMBER
control field C2-0331165
003 - CONTROL NUMBER IDENTIFIER
control field PPAK
005 - DATE AND TIME OF LATEST TRANSACTION
control field 20250326123625.0
008 - FIXED-LENGTH DATA ELEMENTS--GENERAL INFORMATION
fixed length control field 150531s2015 my er 0 f may d
020 ## - INTERNATIONAL STANDARD BOOK NUMBER
International Standard Book Number 9789670246895
Qualifying information paperback
040 ## - CATALOGING SOURCE
Original cataloging agency PPAK
Language of cataloging eng
Transcribing agency PPAK
Modifying agency PPAK
Description conventions rda
082 04 - DEWEY DECIMAL CLASSIFICATION NUMBER
Classification number 899.233
Edition number 23
Classification number 899.2333
Edition number 23
090 00 - LOCALLY ASSIGNED LC-TYPE CALL NUMBER (OCLC); LOCAL CALL NUMBER (RLIN)
Classification number (OCLC) (R) ; Classification number, CALL (RLIN) (NR) 899.233
Feature heading AZU
Feature heading G
Classification number (OCLC) (R) ; Classification number, CALL (RLIN) (NR) 899.2333
Feature heading AZU
Feature heading G
100 0# - MAIN ENTRY--PERSONAL NAME
Personal name Azura Rasiddin,
Relator term author.
245 10 - TITLE STATEMENT
Title Layakkah Aku? /
Remainder of title Azura Rasiddin ; Editor: Jabatan Editorial Karyaseni
264 #1 - PRODUCTION, PUBLICATION, DISTRIBUTION, MANUFACTURE, AND COPYRIGHT NOTICE
Place of production, publication, distribution, manufacture Cheras, Selangor :
Name of producer, publisher, distributor, manufacturer Penerbitan Karyaseni Sdn. Bhd. ,
Date of production, publication, distribution, manufacture, or copyright notice [2015]
300 ## - PHYSICAL DESCRIPTION
Extent iii, 983 pages ;
Dimensions 19 cm
336 ## - CONTENT TYPE
Source rdacontent
Content type term text
337 ## - MEDIA TYPE
Source rdamedia
Media type term unmediated
338 ## - CARRIER TYPE
Source rdacarrier
Carrier type term volume
650 10 - SUBJECT ADDED ENTRY--TOPICAL TERM
Topical term or geographic name entry element Malay fiction
Topical term or geographic name entry element Malaysian fiction (Malay)
700 0# - ADDED ENTRY--PERSONAL NAME
Personal name Jabatan Editorial Karyaseni,
Relator term editor.
942 ## - ADDED ENTRY ELEMENTS (KOHA)
Koha item type Book
Source of classification or shelving scheme Dewey Decimal Classification
Holdings
Withdrawn Not for loan Current library Shelving location Date acquired Total Checkouts Total Renewals Full call number Barcode Date last seen Date last checked out Koha item type
    Perpustakaan Alor Setar Pinjaman Dewasa 06/04/2025 6 3 899.2333 AZU A00748646 22/06/2026 06/05/2026 Book
    Perpustakaan Kulim Pinjaman Dewasa 08/06/2015 11 4 899.233 AZU A01452974 03/06/2026 30/05/2026 Book
    Perpustakaan Langkawi Pinjaman Dewasa 08/06/2015 5 1 899.233 AZU A01452960 04/09/2022 21/08/2022 Book
    Bergerak 3, Baling Pinjaman Dewasa 08/06/2015     899.233 AZU A01452972 09/05/2018   Book